Vida, pensamiento y mística de Ludwig Wittgenstein / (Record no. 186171)

MARC details
000 -LEADER
campo de control de longitud fija 00911nam a2200253 i 4500
001 - NÚMERO DE CONTROL
campo de control 186171
003 - IDENTIFICADOR DE NÚMERO DE CONTROL
campo de control ES-MaACL
005 - FECHA Y HORA DE LA ÚLTIMA TRANSACCIÓN
campo de control 20231204122909.0
008 - DATOS DE LONGITUD FIJA--INFORMACIÓN GENERAL
campo de control de longitud fija 160914s2015 sp cd |||| |bspa d
020 ## - NÚMERO INTERNACIONAL ESTÁNDAR DEL LIBRO
Número Internacional Estándar del Libro 978-84-7560-049-9
080 ## - NÚMERO DE LA CLASIFICACIÓN DECIMAL UNIVERSAL
Número de la Clasificación Decimal Universal 1:929 Wittgenstein, Ludwig
100 1# - ENTRADA PRINCIPAL--NOMBRE DE PERSONA
Nombre de persona Boero, Mario.
9 (RLIN) 141908
245 10 - MENCIÓN DEL TÍTULO
Título Vida, pensamiento y mística de Ludwig Wittgenstein /
Mención de responsabilidad, etc. Mario Boero Vargas.
260 ## - PUBLICACIÓN, DISTRIBUCIÓN, ETC.
Lugar de publicación, distribución, etc. Madrid :
Nombre del editor, distribuidor, etc. Arcos,
Fecha de publicación, distribución, etc. 2015.
300 ## - DESCRIPCIÓN FÍSICA
Extensión 279 p. :
Otras características físicas 1 retr., 1 gráf. ;
Dimensiones 21 cm.
504 ## - NOTA DE BIBLIOGRAFÍA, ETC.
Nota de bibliografía, etc. Bibliografía: p. 253-275.
600 14 - PUNTO DE ACCESO ADICIONAL DE MATERIA--NOMBRE DE PERSONA
Nombre de persona Wittgenstein, Ludwig-
Subdivisión general Religión.
9 (RLIN) 137501
600 14 - PUNTO DE ACCESO ADICIONAL DE MATERIA--NOMBRE DE PERSONA
Nombre de persona Wittgenstein, Ludwig-
Subdivisión general Crítica e interpretación.
9 (RLIN) 117185
852 ## - LOCALIZACIÓN
Ubicación ES-MaACL
Número de control de estantería N-6893
itemnumber 193224
Anotaciones manuscritas Dedicatoria autógrafa del autor
Donativo/Legado Donación: Mario Boero Vargas
903 ## - NOMBRE PERSONAL DE DONANTE
9 141908
a Boero, Mario
e Donante
942 ## - ELEMENTOS DE ENTRADA SECUNDARIOS (KOHA)
Fuente del sistema de clasificación o colocación Clasificación decimal universal
Tipo de ítem Koha Libro impreso
Holdings
Estatus retirado Estado de pérdida Fuente del sistema de clasificación o colocación Estado de daño No para préstamo Colección Biblioteca de origen Biblioteca actual Ubicación en estantería Fecha de adquisición Fuente de adquisición Total de préstamos Signatura topográfica completa Código de barras Visto por última vez Precio de reemplazo Tipo de ítem Koha Nota pública
    Clasificación decimal universal     Libros con dedicatorias Biblioteca del Ateneo de Madrid Biblioteca del Ateneo de Madrid Depósito 1 14/09/2016 Donación   A-13893 1196281 23/02/2023 23/02/2023 Libro impreso Dedicatoria autógrafa del autor